| 000 | 00421nam a2200169Ia 4500 | ||
|---|---|---|---|
| 008 | 240825s9999 xx 000 0 und d | ||
| 020 |
_a9780128127629 _qpbk |
||
| 041 | _aeng. | ||
| 082 |
_a577 _bWEA |
||
| 100 | _aWeathers, K.C. | ||
| 245 | 0 |
_aFundamentals of Ecosystem Science _cWeathers K.C. |
|
| 250 | _a2nd ed. | ||
| 260 |
_bElsevier _c2021 _aUK |
||
| 300 | _a 344 pages | ||
| 650 | _aEcology | ||
| 942 | _cENGLISH | ||
| 999 |
_c546825 _d546825 |
||